Ε. Π. : μυθιστόρημα

Saved in:
Bibliographic Details
Main Author: Σαρή, Ζωρζ, 1925-2012
Format: Book
Language:Greek
Published: Αθήνα : Πατάκης, 1999, c1995.
Edition:10η έκδ.
Subjects:
Tags: Add Tag
No Tags, Be the first to tag this record!

MARC

LEADER 00000cam a2200000 a 4500
001 1/110731
008 160513r19991995gr | ||| |||| ||gre||
020 |a 9603605115 
040 |a GR-MyUa  |b gre  |c GR-MyUa  |e AACR2 
041 0 |a gre 
082 7 |a 808.899282   |2 (23) 
100 1 |a Σαρή, Ζωρζ,   |d 1925-2012. 
245 1 0 |a Ε. Π. :   |b μυθιστόρημα /   |c Ζωρζ Σαρή.  
250 |a 10η έκδ.  
260 |a Αθήνα :  |b Πατάκης,   |c 1999, c1995.  
300 |a 252, [3] σ. :   |b φωτογραφίες ;   |c 21 εκ.  
650 0 |a Children's literature, Greek (Modern) 
650 0 |a Young adult fiction. 
852 |a INST  |b SAMOS  |e 20160513  |h 808.899282 ΣΑΡ  |p 005300043503  |q 005300043503  |t BK  |y 0 
970 |a Γουβάλα  |b Βάσω  |z 13-05-2016